Panneaux de circulation vrais et faux - Statistiques

Statistiques générales
  • Ce quiz a été pris 435 fois
  • Le résultat moyen est 5 sur 25
Answers on the Grid
Answers color-coded by a green-red scale on the quiz's grid according to % correct below.
circulation de garde alternée
entrée zone de rencontre
réduction du nombre de noix
route à abcès réglementé
passage pour piétons surélevé
danger pour lequel il n'existe pas de symbole correspondant
passage de cavalier king charles
arbres inclinés
point de gonflage gratuit
peste de secours
atelier d'entretien des véhicules
jalonnement piétonnier d'une issue de secours vers la gauche
point de détente
canneberge de jeunesse
débouché de cyclistes
pont à pèse-personne
passage à niveau sans barrière ni demi-barrière
poste de pelles d'urgence
accès interdit aux véhicules dont le PTAC excède la valeur indiquée
accès interdit aux voitures à bras
jogging sous surveillance
piste ou bande obligatoire pour les cycles sans side-car
voie verte
conditions particulières de circulation sur la route ou voie embranchée
traversée de voies d'un tramway nommé désir
créneau de dépassement ou d'une route 2X2 voies
arrêt obligatoire au barrage de peau lisse
chaussette particulièrement glissante
poste de distribution de carburant assurant le ravitaillement GPL
interdiction de dépecer tout véhicule à moteur sauf deux roues
gare de téléphérique
barrières à fonctionnement intellectuel
signaux séniors interdits
point de départ d'un circuit de ski de fond
passage d'animaux préhistoriques
gare auto-train
danger : circulation de gros engins
arête obligatoire au poste de douane
accès interdit aux véhicules pesant sur un essieu plus que la valeur indiquée
limitation de fitness
descente de lit dangereuse
accès interdit aux poteaux et aux poteaux légers
traversée de voies de transports en cumin
bouchon
paiement auprès d'un paysagiste
travaux
interdiction de faire des petits fours
accès interdit aux véhicules tractant une caravane ou une remorque de plus de 250 kilos
voie de mes tresses
voies affectées
 
Statistiques - réponses
Réponse % Correct
entrée zone de rencontre
65%
passage pour piétons surélevé
38%
passage à niveau sans barrière ni demi-barrière
34%
voie verte
30%
danger pour lequel il n'existe pas de symbole correspondant
29%
débouché de cyclistes
29%
accès interdit aux véhicules dont le PTAC excède la valeur indiquée
28%
travaux
28%
point de gonflage gratuit
23%
piste ou bande obligatoire pour les cycles sans side-car
20%
point de détente
20%
accès interdit aux véhicules tractant une caravane ou une remorque de plus de 250 kilos
19%
conditions particulières de circulation sur la route ou voie embranchée
19%
bouchon
18%
atelier d'entretien des véhicules
15%
arbres inclinés
14%
créneau de dépassement ou d'une route 2X2 voies
14%
poste de distribution de carburant assurant le ravitaillement GPL
14%
gare de téléphérique
10%
jalonnement piétonnier d'une issue de secours vers la gauche
10%
voies affectées
10%
accès interdit aux véhicules pesant sur un essieu plus que la valeur indiquée
9%
accès interdit aux voitures à bras
8%
gare auto-train
8%
point de départ d'un circuit de ski de fond
5%
Aucun quiz correspondant
Distribution des résultats
% des personnes avec chaque résultat
Percentile par nombre de réponses
Votre historique - résultats
Vous n’avez pas pris ce quiz